Statistics for Estonian currency before Euro

Click here to take the quiz!

General Stats

  • This quiz has been taken 8 times
  • The average score is 5 of 8

Answer Stats

CurrencyPerson% Correct
100 krooniLydia Koidula
100%
25 krooniAnton Hansen Tammsaare
80%
5 krooniPaul Keres
80%
500 krooniCarl Robert Jakobson
60%
10 krooniJakob Hurt
60%
1 kroonKristjan Raud
60%
2 krooniKarl Ernst von Baer
40%
50 krooniRudolf Tobias
40%

Score Distribution

Percentile by Number Answered

Percent of People with Each Score

Your Score History

You have not taken this quiz